Ecological Study of Wild Ass Sanctuary : Little Rann of Kutch (A Comprehensive study on biodiversity and management issues): (OVERSIZED BOOKS) (Record no. 601223)
[ view plain ]
| 000 -LEADER | |
|---|---|
| fixed length control field | 00730nam a2200145Ia 4500 |
| 008 - FIXED-LENGTH DATA ELEMENTS--GENERAL INFORMATION | |
| fixed length control field | 100415s9999 xx 000 0 und d |
| 082 ## - DEWEY DECIMAL CLASSIFICATION NUMBER | |
| Item number | 18326 |
| Classification number | 599.725(5475) |
| 100 ## - MAIN ENTRY--PERSONAL NAME | |
| Personal name | SINGH, HS |
| 245 ## - TITLE STATEMENT | |
| Title | Ecological Study of Wild Ass Sanctuary : Little Rann of Kutch (A Comprehensive study on biodiversity and management issues): (OVERSIZED BOOKS) |
| 260 ## - PUBLICATION, DISTRIBUTION, ETC. (IMPRINT) | |
| Date of publication, distribution, etc | 1999 |
| Name of publisher, distributor, etc | GEER FOUNDATION |
| 365 ## - TRADE PRICE | |
| Price amount | 1200 |
| 630 ## - SUBJECT ADDED ENTRY--UNIFORM TITLE | |
| Uniform title | Ecological Study of Wild Ass Sanctuary : Little Rann of Kutch (A Comprehensive study on biodiversity and management issues): (OVERSIZED BOOKS) |
| 730 ## - ADDED ENTRY--UNIFORM TITLE | |
| Uniform title | Ecological Study of Wild Ass Sanctuary : Little Rann of Kutch (A Comprehensive study on biodiversity and management issues): (OVERSIZED BOOKS) |
| 942 ## - ADDED ENTRY ELEMENTS (KOHA) | |
| Koha item type | Book |
| Withdrawn status | Lost status | Damaged status | Not for loan | Home library | Current library | Date acquired | Cost, normal purchase price | Total Checkouts | Full call number | Barcode | Date last seen | Price effective from | Koha item type |
|---|---|---|---|---|---|---|---|---|---|---|---|---|---|
| Bombay Natural History Society | Bombay Natural History Society | 08/14/1999 | 1200.00 | 599.725(5475) 18326 | BNHS-18326 | 04/15/2010 | 04/15/2010 | Book |